=LDR 00000nam 2200000 4500 =001 INLIS000000000031297 =005 20130612133357 =008 ***********************************ind** =035 ##$$0010-061300000031297 =041 ##$$a ind =082 ##$$a 685. 91 =090 ##$$a 685. 91 , Pur k =100 ##$$a Purwanto,Arie W =245 ##$$a Keladi hias, Arie W. Purwanto =260 ##$$a 2007 $b Yogyakarta =300 ##$$a 98 hlm. , ilus. , 20 cm =650 ##$$a Keladi =650 ##$$a Tanaman hias =710 ##$$a \\ =850 ##$$a NBPNMAT